Katseye - Mean Girls (all lyrics) - Statistics

General Stats
  • This quiz has been taken 107 times
  • The average score is 301 of 379
Answer Stats
Answer % Correct
Girls
100%
T
100%
The
100%
A
98%
Go
98%
Bless
96%
God
96%
Me
95%
Mean
95%
Sweet
93%
And
88%
Yes
88%
Even
86%
I
84%
Dream
82%
You
79%
Queen
77%
In
75%
Free
74%
Hot
72%
No
72%
Your
70%
‘Cause
68%
Not
68%
Bed
67%
Cheek
67%
Forgive
67%
My
67%
Other
67%
They
67%
Turn
67%
Yeah
67%
Respect
65%
But
63%
Get
63%
Give
63%
I’m
63%
Own
63%
Want
63%
All
61%
Insecurity’s
61%
Mess
61%
Might
61%
What
61%
You’re
61%
Because
60%
I’ll
60%
Making
60%
Oh
60%
Pretty
60%
Shot
60%
Best
58%
Thot
58%
Still
56%
This
56%
Wishing
56%
Is
54%
Acting
53%
Ain’t
53%
It
53%
So
53%
That
53%
Forget
51%
Neck
51%
Shoot
51%
To
51%
Right
49%
Below
47%
Between
47%
Happiness
47%
Baggage
46%
Hate
46%
Why
46%
Bringing
44%
Gonna
44%
Home
44%
Internet
42%
Kill
42%
Closer
40%
Getting
40%
Control
37%
End
35%
Alone
33%
Up
33%
Years
33%
Ago
32%
Can
32%
Hope
32%
It’s
32%
Love
32%
Of
32%
Unpacked
32%
Don’t
30%
Sending
26%
No matching quizzes found
Score Distribution
Percent of People with Each Score
Percentile by Number Answered
Your Score History
You have not taken this quiz